000 00439nam a2200181Ia 4500
001 13205
005 20260306163036.0
008 260306t1957||||xx |||||||||||||| ||spa||
041 _aESP
082 _a001.42
_bB139
100 _aBeveridge, W. I. B.
_eAUT
245 4 _aThe art of scientific investigation
260 _c1957
300 _axii, 178 páginas :
_c23 cm.
650 _aGEN
654 _aCCC
942 _cLIB
_dJUS
_fJUS
_2ddc
_n
999 _c13205
_d13205